| 000 | 00578nam a2200205Ia 4500 | ||
|---|---|---|---|
| 003 | IT-RoPAU | ||
| 008 | 120407s9999 xx 000 0 und d | ||
| 040 | _aIT-RoPAU | ||
| 040 | _cIT-RoPAU | ||
| 041 | _alat | ||
| 245 | _a"Codex Iuris Canonici. Italiano Fontium annotatione et indice analytico - alphabetico auctus." | ||
| 250 | _aCittà del Vaticano | ||
| 260 | _aAmm. Patr. Sede Ap. e libr. ed. Vatican | ||
| 260 | _c1989 | ||
| 300 | _c25 cm | ||
| 490 | _v1 | ||
| 710 | _aCommissio P. Codici Iuris Canonici. Authentice Interpretando | ||
| 942 | _cBK | ||
| 999 |
_c18472 _d18472 |
||